00871nam a2200217 i 450000100060000000300090000600500170001500700030003200800410003510000300007624501050010625000530021126000620026430000410032649000350036770000390040283000430044185200310048499900170051595201210053290161ES-MaACL20231205142502.0t|050119s1945 sp ||||1| spa d1 aLe Danois, Edmond.97086313aEl Atlántico b: historia y vida de un océano / cEd. Le Danois ; traducción de Xavier Zubiri. a2ª ed. [especualmente autorizada por el autor]. aMadrid : bEspasa-Calpe, c[1945] (fGerónimo J. Pesce) a268 p., 16 lám. : bil. ; c20 cm.1 aNueva ciencia, nueva técnica1 aZubiri, Xavier,d1898-198391184060 aNueva ciencia, nueva técnica9181572 aES-MaACLjD-5877 bR.31510 c90161d90161 00104070aATENEOMbATENEOMcSVId2008-01-17eSCl0oD-5877p901094154r2023-02-23 00:00:00w2023-02-23yMONOGRAFIA